| 000 | 00573nam a2200193Ia 4500 | ||
|---|---|---|---|
| 003 | GCL | ||
| 008 | 140319s9999 xx 000 0 eng d | ||
| 020 | _a9211213134 | ||
| 040 |
_aGCL / _cGCL |
||
| 082 | 0 | 4 |
_a338.9 _bS G |
| 100 | 1 | _aSTALLINGS, BARBARA | |
| 245 | 1 | 0 |
_aGLOBALIZATION AND LIBERALIZATION : THE IMPACT ON DEVELOPING COUNTRIES / _cSTALLINGS, BARBARA |
| 260 |
_aشيلى : _bECONOMIC DEVELOPMENT DIVISION ، _c2001 |
||
| 300 |
_a32 CM` ؛ _c37 P |
||
| 650 | 0 | 4 | _aECONOMIC CONDITIONS |
| 650 | 0 | 4 | _aECONOMICS |
| 650 | 0 | 4 | _aECONOMIC DEVELOPMENT |
| 942 |
_2ddc _cBK |
||
| 999 |
_c7293 _d7293 |
||